000
00215 a2200097 4500
001
43561
100
_a
Shaw
245
_a
Arms and the man
260
_a
London
_b
Edition her mafestystatory
_c
090
_c
27378
_d
27378
942
_a
NUST-CAE
_c
M
_c
19311
999
_c
278634
_d
278634